Billie Eilish - The 30th lyrics - Statistics

General Stats
  • This quiz has been taken 108 times
  • The average score is 227 of 259
Answer Stats
Lyric % Correct
a
100%
I
100%
the
100%
The
100%
was
100%
you
100%
in
98%
it
98%
know
98%
on
98%
to
98%
were
98%
what
98%
where
98%
if
96%
be
95%
day
95%
different
95%
and
93%
happened
93%
so
93%
bed
91%
but
91%
don't
91%
hospital
91%
me
91%
there
91%
kids
89%
pretty
89%
remember
89%
then
89%
your
89%
am
88%
look
88%
said
88%
scared
88%
told
88%
way
88%
you're
88%
calling
86%
even
86%
rail
86%
wasn't
86%
bridge
84%
did
84%
looked
84%
play
84%
car
82%
just
82%
no
82%
or
82%
alone
80%
little
80%
one
80%
when
80%
all
79%
are
79%
same
79%
accident
77%
alive
77%
together
77%
weren't
77%
Angeles
75%
before
75%
like
75%
pieced
75%
rain
75%
snow
75%
street
75%
knows
73%
ambulance
71%
changed
71%
not
71%
sometimes
71%
Crest
70%
drive
70%
anything
68%
have
68%
neighborhood
68%
remote
68%
survived
68%
night
66%
that
66%
time
66%
would
66%
late
63%
think
63%
up
63%
wanted
63%
woke
63%
didn't
61%
thought
61%
early
59%
of
59%
over
59%
saw
59%
traffic
59%
usually
59%
it's
57%
panic
57%
pulling
57%
stand-still
55%
believe
54%
Five
54%
hard
54%
into
54%
shoulder
54%
space
54%
staring
54%
ambulances
52%
unusually
50%
No matching quizzes found
Score Distribution
Percent of People with Each Score
Percentile by Number Answered
Your Score History
You have not taken this quiz